000 00605nam a22002297a 4500
003 UA-OsUOA
001 89141
007 ta
008 20121031b un ||||| |||| 00| 0 ukr d
100 _aГижа О.
090 _a821.161.2
_bГ46
942 _cBK
040 _aUA-OsUOA
_bukr
_cUA-OsUOA
_dUA-OsUOA
245 _aЗнайомі з вересня
_bроман, повість
300 _a484 с.
955 _a3
041 _aukr
080 _a821.161.2
260 _aК.
_bМолодь
_c1988
650 7 _a82 Література. Літературознавство
_2UDC
999 _c360659
_d360659